Cinco aspectos de la vida en el "Quijote" / (Record no. 70596)

MARC details
000 -LEADER
campo de control de longitud fija 00604nam a2200181 i 4500
001 - NÚMERO DE CONTROL
campo de control 70596
003 - IDENTIFICADOR DE NÚMERO DE CONTROL
campo de control ES-MaACL
005 - FECHA Y HORA DE LA ÚLTIMA TRANSACCIÓN
campo de control 20250625063147.0
007 - CAMPO FIJO DE DESCRIPCIÓN FÍSICA--INFORMACIÓN GENERAL
campo de control de longitud fija t|
008 - DATOS DE LONGITUD FIJA--INFORMACIÓN GENERAL
campo de control de longitud fija 040728s1948 sp ||||1| spa d
100 1# - ENTRADA PRINCIPAL--NOMBRE DE PERSONA
Nombre de persona Garciasol, Ramón de,
Fechas asociadas al nombre 1913-1994
9 (RLIN) 236221
245 10 - MENCIÓN DEL TÍTULO
Título Cinco aspectos de la vida en el "Quijote" /
Mención de responsabilidad, etc. Ramón de Garciasol (seud.).
260 ## - PUBLICACIÓN, DISTRIBUCIÓN, ETC.
Lugar de publicación, distribución, etc. Madrid :
Nombre del editor, distribuidor, etc. [s.n.,
Fecha de publicación, distribución, etc. 1948]
300 ## - DESCRIPCIÓN FÍSICA
Extensión 18 p. ;
Dimensiones 25 cm.
500 ## - NOTA GENERAL
Nota general Es tirada aparte de: Cuadernos de Literatura (fasc. 8-9 marzo-junio de 1948, p. 229-246)
852 ## - LOCALIZACIÓN
Ubicación ES-MaACL
Número de control de estantería 1893-F-8
Sublocalización o colección R.26929
Holdings
Estatus retirado Estado de pérdida Estado de daño No para préstamo Colección Biblioteca de origen Biblioteca actual Ubicación en estantería Fecha de adquisición Fuente de adquisición Total de préstamos Signatura topográfica completa Código de barras Visto por última vez Precio de reemplazo Tipo de ítem Koha
        Colección de folletos Biblioteca del Ateneo de Madrid Biblioteca del Ateneo de Madrid Depósito folletos 17/01/2008     1893-F-8 1073922 23/02/2023 23/02/2023 Folleto